| 000 | 01278nam a2200337 a 4500 | ||
|---|---|---|---|
| 001 | 000111036 | ||
| 003 | CHAP | ||
| 005 | 20220329144155.0 | ||
| 008 | 141126s2014 mx a |sm |||||||spa d | ||
| 010 | _a107498 | ||
| 011 | _a108470 | ||
| 040 | _cCHAP | ||
| 090 | _aTesis | ||
| 100 | 1 |
_aFilerio Arreola, Mónica _9128820 |
|
| 245 | 1 | 3 |
_aLa economía de la carne en la comarca lagunera, y sus factores determinantes _h[En línea] _cpor Monica Filerio Arreola y Filiberto Olivares Morales. |
| 260 |
_aBermejillo, Dgo. : _bEl autor, _c2014. |
||
| 500 | _aPara ver el contenido del material haga clic en la liga | ||
| 502 | _aTesis (Ing. en Sistemas Pecuarios) -- UACH. Unidad Regional Universitaria de Zonas Aridas | ||
| 590 |
_aE11695DGD _b10 _c20141127 _lUCH01 _h1028 |
||
| 590 |
_aE11695DGD _b10 _c20141127 _lUCH01 _h1028 |
||
| 590 |
_aE5652GLJ _b05 _c20141126 _lUCH01 _h1129 |
||
| 650 | 1 | 4 |
_aCarne _xAspectos económicos. _919062 |
| 650 | 1 | 4 |
_aCarne _xPrecios _zComarca Lagunera. _9128834 |
| 650 | 1 | 4 |
_aCarne _xProducción. _919109 |
| 650 | 1 | 4 |
_aGanado de carne _xCostos de producción. _945077 |
| 700 | 1 |
_aOlivares Morales, Filiberto _9128821 |
|
| 856 |
_aFinding aid _uhttp://10.13.5.2/tesis/sist111036.pdf _zTeclea aquí |
||
| 901 | _aBK | ||
| 942 | _cTESIS | ||
| 942 | _n0 | ||
| 999 |
_c107498 _d107498 |
||